000 00447nab a2200145Ia 4500
003 ES-SlBCS
005 20210601134620.0
008 140529s1982 xxu||||| |||| 00| 0 spa d
041 _aspa
100 1 _aGramcko, Orlando
_9220462
245 0 0 _aLa antropología de la liberación en E. Dussel
_c Orlando Gramcko
650 0 4 _aAntropología de la Liberación
_9220463
773 0 _tAnthropos
_gvol. 3, nº. 5, 1982, págs. 29-47
_wRev38
942 _cAR
999 _c615330
_d615330